Logo BPK

Biblioteka

Politechniki Koszalińskiej

Kodeks cywilny z komentarzem. (Rekord nr 30922)

Szczegóły MARC
000 -ETYKIETA REKORDU
podpole kontrolne o stałej długości 00748nam a2200217 i 4500
001 - NUMER KONTROLNY REKORDU
pole kontrolne bg
003 - IDENTYFIKATOR NUMERU KONTROLNEGO REKORDU
podpole kontrolne BPK
005 - DATA OSTATNIEJ MODYFIKACJI REKORDU
podpole kontrolne 20150713122835.0
008 - POLE O STAŁEJ DŁUGOŚCI - DANE KONTROLNE
podpole kontrolne o stałej długości 980715s1996 pl |000 0 pol d
015 ## - NUMER BIBLIOGRAFII NARODOWEJ
Numer bibliografii narodowej PB 1997/1160
020 ## - MIĘDZYNARODOWY ZNORMALIZOWANY NUMER KSIĄŻKI - ISBN
ISBN 8390199556
040 ## - ŹRÓDŁO KATALOGOWANIA
Instytucja, która sporządziła opis WA N
Instytucja, która utworzyła rekord BPK
080 ## - UNIWERSALNA KLASYFIKACJA DZIESIĘTNA - UKD
UKD 347(438)
100 1# - NAZWA OSOBOWA
Nazwa osobowa Izdebski, Hubert
Daty związane z nazwą (1947- ).
245 10 - TYTUŁ/ODPOWIEDZIALNOŚĆ
Tytuł Kodeks cywilny z komentarzem.
Oznaczenie części/sekcji dzieła [Ks. 4,
Tytuł części/sekcji dzieła Księga 3 - zobowiązania (część szczególna) ; Tekst księgi czwartej] /
Pozostałe elementy strefy tytułu i oznaczenia odpowiedzialności Hubert Izdebski.
260 ## - STREFA ADRESU WYDAWNICZEGO
Miejsce wydania Warszawa :
Nazwa wydawcy/dystrybutora "Transit",
Data publikacji, dystrybucji/powstania dokumentu 1996.
300 ## - STREFA OPISU FIZYCZNEGO
Objętość 494, [1] s. ;
Rozmiary 21 cm.
650 #4 - HASŁO PRZEDMIOTOWE W FORMIE NAZWY OGÓLNEJ LUB JEDNOSTKOWEJ
Nazwa ogólna lub geograficzna Prawo zobowiązaniowe
Określnik geograficzny Polska.
856 ## - LOKALIZACJA I DOSTĘP DO ELEKTRONICZNYCH DOKUMENTÓW ZDALNYCH
Link (URL) http://koha.tu.koszalin.pl/cgi-bin/koha/opac-detail.pl?biblionumber=30922
Tekst linku Katalog online BPK
942 ## - DODATKOWE ELEMENTY (KOHA)
Schemat klasyfikacji Uniwersalna Klasyfikacja Dziesiętna
Typ dokumentu Książka
Egzemplarze
Wycofany Status egzemplarza Uszkodzony Dostępność Lokalizacja stała Lokalizacja bieżąca Miejsce przechowywania Sygnatura Kod kreskowy Typ dokumentu
      Dostępny Biblioteka Politechniki Koszalińskiej Biblioteka Politechniki Koszalińskiej Wypożyczalnia BG 37877 01071382 Książka
© 2023 Biblioteka Politechniki Koszalińskiej :: KOHA